000 00621nam a2200217Ia 4500
001 b633-24029 [2850]
003 IT-MiCISF
008 161014s9999||||xx |||||||||||||| ||und||
040 _aIT-MiCISF
_cIT-MiCISF
041 _aen
100 _aBrown Ralph
240 _aMarriage Annulment in the Catholic Church
245 0 _aMarriage Annulment in the Catholic Church
250 _a1a ed.
260 _a Londra
_bKevin Mayhew
_c1977
300 _app. 127
500 _a / divorzio, matrimonio, legislazione, separazione, nullità, magistero /
650 _adivorzio
942 _cBK
957 _71
999 _a24029
_bsi
_g1
_c210722
_d210722